[Event "Botvinnik 100th Open"]
[Site "St Petersburg RUS"]
[Date "2011.08.13"]
[Round "2"]
[White "Rykov, Ivan2"]
[Black "Ljubarov, Mark"]
[Result "0-1"]
[WhiteElo "1759"]
[BlackElo "2115"]
[WhiteFideId "24128520"]
[BlackFideId "4142110"]
[EventDate "2011.08.12"]

1. d4 Nf6 2. c4 e6 3. Nc3 Bb4 4. Qc2 c5 5. dxc5 Qa5 6. Bd2 Nc6 7. Nf3 Qxc5 8. e3
d5 9. a3 Bxc3 10. Bxc3 dxc4 11. Bxf6 gxf6 12. Qxc4 Qxc4 13. Bxc4 Ke7 14. Ke2 Bd7
15. Bd3 e5 16. Rac1 Rag8 17. Rhg1 Bg4 18. h3 Bh5 19. Be4 Nd8 20. g4 Bg6 21. Bxb7
Nxb7 22. Rc7+ Ke6 23. Rxb7 Rb8 24. Rxb8 Rxb8 25. b4 Rc8 26. Ra1 Rc2+ 27. Nd2 f5
28. Kd3 Rc8 29. g5 e4+ 30. Ke2 Bh5+ 31. Ke1 Ke5 32. Nb3 f4 33. Nd4 Rc3 34. Nb5
Rc2 35. exf4+ Kxf4 36. Nxa7 Kf3 37. Kf1 Rxf2+ 38. Kg1 Kg3 39. a4 Bf3 40. Rf1
Rg2+ 41. Kh1 Rh2+ 0-1

[Event "Botvinnik 100th Open"]
[Site "St Petersburg RUS"]
[Date "2011.08.13"]
[Round "2"]
[White "Korniyuk, Mariya"]
[Black "Bezobrazov, Lev"]
[Result "1-0"]
[WhiteTitle "WFM"]
[WhiteElo "2104"]
[BlackElo "1689"]
[WhiteFideId "14118874"]
[BlackFideId "4152409"]
[EventDate "2011.08.12"]

1. e4 Nf6 2. e5 Nd5 3. c4 Nb6 4. c5 Nd5 5. Bc4 e6 6. d4 d6 7. cxd6 cxd6 8. Nf3
Nb6 9. Bd3 dxe5 10. Nxe5 Bb4+ 11. Nc3 N8d7 12. O-O O-O 13. Qe2 Nf6 14. Rd1 a6
15. Bg5 h6 16. Bh4 Kh8 17. Ne4 Nbd5 18. Nxf6 Nxf6 19. Rac1 Be7 20. Bb1 Nd5 21.
Qd3 f5 22. Ng6+ Kg8 23. Bxe7 Nxe7 24. Nxf8 Kxf8 25. a3 b6 26. Ba2 Qd6 27. d5 e5
28. Qc3 Ra7 29. Qb4 Qd7 30. d6 Ng8 31. Rxc8+ 1-0

[Event "Botvinnik 100th Open"]
[Site "St Petersburg RUS"]
[Date "2011.08.13"]
[Round "2"]
[White "Sieghardt, Walter"]
[Black "Irinchinov, Vladimir"]
[Result "0-1"]
[WhiteElo "1681"]
[BlackElo "2067"]
[WhiteFideId "24633836"]
[BlackFideId "24116165"]
[EventDate "2011.08.12"]

1. d4 d5 2. e3 c6 3. c4 e6 4. Nf3 Nd7 5. cxd5 exd5 6. Nc3 Ngf6 7. Qc2 Be7 8. Bd3
O-O 9. O-O Re8 10. b3 Nf8 11. h3 Bd6 12. Re1 Bb4 13. Bd2 Bxc3 14. Bxc3 Ne4 15.
Bb2 Qf6 16. Qe2 Qh6 17. Kh2 Bg4 18. Rh1 Re6 19. Kg1 Bxf3 20. gxf3 Rg6+ 21. Kf1
Qg5 22. Ke1 Qg2 23. fxe4 Qxh1+ 24. Kd2 Rg1 25. Rxg1 Qxg1 26. exd5 cxd5 27. Qh5
Qxf2+ 28. Qe2 Qg3 29. Bf5 g6 30. Qg4 Qf2+ 31. Kc1 Qxf5 0-1

[Event "Botvinnik 100th Open"]
[Site "St Petersburg RUS"]
[Date "2011.08.14"]
[Round "3"]
[White "Zvjaginsev, Vadim"]
[Black "Neverov, Valeriy"]
[Result "1/2-1/2"]
[WhiteTitle "GM"]
[BlackTitle "GM"]
[WhiteElo "2659"]
[BlackElo "2500"]
[WhiteFideId "4113403"]
[BlackFideId "14100150"]
[EventDate "2011.08.12"]

1. e4 c5 2. Nf3 e6 3. c4 Nc6 4. Be2 e5 5. O-O d6 6. d3 g6 7. Nc3 Bg7 8. a3 Nge7
9. b4 cxb4 10. axb4 Nxb4 11. Be3 Nbc6 12. Qb3 Nd4 13. Bxd4 exd4 14. Nb5 Nc6 15.
Qa3 Bf8 16. Nbxd4 Nxd4 17. Nxd4 Be7 18. Nb5 O-O 19. Qa5 b6 20. Qd2 a6 21. Nc3
Bf6 22. d4 Bb7 23. Rab1 Re8 24. Bf3 Bg7 25. Qd3 Rb8 26. Rfd1 Qc7 27. h3 h5 28.
Rdc1 Bc6 29. Nd5 Qd8 30. Nb4 Bb7 31. Nd5 Bc6 32. Nb4 Bb7 33. Nd5 Bc6 34. Nb4 1/2-1/2

[Event "Botvinnik 100th Open"]
[Site "St Petersburg RUS"]
[Date "2011.08.14"]
[Round "3"]
[White "Polivanov, Anatoliy"]
[Black "Ponkratov, Pavel"]
[Result "0-1"]
[WhiteTitle "IM"]
[BlackTitle "GM"]
[WhiteElo "2435"]
[BlackElo "2593"]
[WhiteFideId "14109468"]
[BlackFideId "4157800"]
[EventDate "2011.08.12"]

1. e4 e6 2. d4 d5 3. e5 c5 4. c3 Nc6 5. Nf3 Bd7 6. Bd3 cxd4 7. cxd4 Qb6 8. O-O
Nxd4 9. Nbd2 Nc6 10. Nb3 Nge7 11. Be3 Qc7 12. Rc1 Ng6 13. Nc5 Rc8 14. b4 Bxc5
15. Bxc5 Ncxe5 16. Nxe5 Qxe5 17. Qd2 Nf4 18. g3 Nxd3 19. Qxd3 Qb8 20. Qd4 f6 21.
Bxa7 Qa8 22. Qb6 O-O 23. Qd6 Rf7 24. Rxc8+ Qxc8 25. Bc5 h6 26. Rc1 Qe8 27. Re1
Qc8 28. a4 e5 29. b5 d4 30. f4 Bh3 31. Qd5 Be6 32. Qd6 Bh3 33. Qd5 d3 34. Be3
Qc2 35. a5 e4 36. Qxe4 d2 37. Bxd2 Qxd2 38. a6 Re7 39. Qc4+ Kh7 0-1

[Event "Botvinnik 100th Open"]
[Site "St Petersburg RUS"]
[Date "2011.08.14"]
[Round "3"]
[White "Maletin, Pavel"]
[Black "Artemiev, Vladislav"]
[Result "1-0"]
[WhiteTitle "GM"]
[BlackTitle "FM"]
[WhiteElo "2575"]
[BlackElo "2401"]
[WhiteFideId "4146786"]
[BlackFideId "24101605"]
[EventDate "2011.08.12"]

1. c4 e5 2. g3 Nf6 3. Bg2 Bc5 4. Nc3 d6 5. e3 c6 6. Nge2 Bb6 7. d4 O-O 8. O-O
Re8 9. Qc2 Bg4 10. h3 Bh5 11. b4 Nbd7 12. Bb2 exd4 13. Nxd4 Ne5 14. Na4 Bxd4 15.
exd4 Nf3+ 16. Kh1 Ne4 17. Rad1 Qg5 18. Rd3 Qg6 19. Nc3 Nxd4 20. Qb1 Nxc3 21.
Bxc3 Ne6 22. f4 Nxf4 23. gxf4 Be2 24. f5 Qg5 25. Bd2 Bxd3 26. Qxd3 Qf6 27. Bc3
Qg5 28. Rf3 Qc1+ 29. Kh2 f6 30. Rg3 Kh8 31. Qxd6 Qh6 32. Bd2 Qh4 33. Rg4 Qh5 34.
Qc7 Rg8 35. Qxb7 Qxf5 36. Qxc6 Rad8 37. Bd5 Rge8 38. Qc7 Rd7 39. Qf4 Qd3 40. Rg2
Rde7 41. Qg3 Qf5 42. Bc3 h6 43. b5 Qh7 44. Bd4 Re2 45. Bxa7 Rxg2+ 46. Bxg2 h5
47. Bf2 Qf5 48. b6 g5 49. Qf3 Qg6 50. b7 g4 51. Qf4 gxh3 52. Bxh3 1-0

[Event "Botvinnik 100th Open"]
[Site "St Petersburg RUS"]
[Date "2011.08.14"]
[Round "3"]
[White "Musalov, Ruslan"]
[Black "Dvoirys, Semen I."]
[Result "0-1"]
[BlackTitle "GM"]
[WhiteElo "2399"]
[BlackElo "2554"]
[WhiteFideId "4141490"]
[BlackFideId "4100379"]
[EventDate "2011.08.12"]

1. e4 c5 2. c4 Nc6 3. Nc3 g6 4. g3 Bg7 5. Bg2 a6 6. Nge2 Rb8 7. O-O b5 8. d3 d6
9. f4 Bd7 10. Be3 bxc4 11. dxc4 Rxb2 12. e5 dxe5 13. Na4 exf4 14. Nxb2 fxe3 15.
Qd5 Nh6 16. Qxc5 O-O 17. Rad1 Ne5 18. Qxe3 Qb8 19. Qa3 Qa7+ 20. Kh1 Nf5 21. Nd3
Nxc4 22. Qc5 Qxc5 23. Nxc5 Bc8 24. Nd7 Re8 25. Bc6 Nce3 26. Nf6+ Bxf6 27. Bxe8
Bb7+ 28. Kg1 Nxf1 29. Rd8 N1xg3 30. hxg3 Kg7 31. a4 Be5 32. Rd3 h5 33. Bd7 Nd6
34. Nc3 Nc4 35. Nd5 Bd6 36. Bh3 Bc6 37. Nc3 Nb2 38. Rd2 Nxa4 39. Nd5 Nc5 40. Bg2
Bb5 0-1

[Event "Botvinnik 100th Open"]
[Site "St Petersburg RUS"]
[Date "2011.08.14"]
[Round "3"]
[White "Kovchan, Alexander"]
[Black "Solovjov, Sergey I."]
[Result "1-0"]
[WhiteTitle "GM"]
[BlackTitle "IM"]
[WhiteElo "2554"]
[BlackElo "2387"]
[WhiteFideId "14103052"]
[BlackFideId "4122780"]
[EventDate "2011.08.12"]

1. e4 c5 2. Nf3 d6 3. d4 cxd4 4. Nxd4 Nf6 5. Nc3 g6 6. Be3 Bg7 7. f3 O-O 8. Qd2
Nc6 9. O-O-O d5 10. exd5 Nxd5 11. Nxc6 bxc6 12. Bd4 Nxc3 13. Qxc3 Bh6+ 14. Be3
Bxe3+ 15. Qxe3 Qb6 16. Qxe7 Be6 17. Qa3 Rfd8 18. Bd3 Rd5 19. Rhe1 Ra5 20. Qc3
Rxa2 21. b3 Ra5 22. Rxe6 fxe6 23. Bc4 Rd5 24. Bxd5 cxd5 25. Rd4 Qa6 26. Kb2 Qe2
27. Rb4 Rf8 28. Rb7 Rf7 29. Rb8+ Rf8 30. Rxf8+ Kxf8 31. Qh8+ Kf7 32. Qxh7+ Kf6
33. Qh4+ Kf7 34. Qf4+ Ke7 35. Qg5+ Kf7 36. h4 Qf2 37. Qf4+ Ke7 38. Qc7+ Kf6 39.
g4 g5 40. hxg5+ Kxg5 41. Qe7+ Kf4 42. Qf6+ Kg3 43. g5 Qe3 44. f4 d4 45. Qe5 a5
46. g6 Qc3+ 47. Kb1 a4 48. Qe4 Kf2 49. Qd3 Qb4 50. g7 axb3 51. cxb3 1-0

[Event "Botvinnik 100th Open"]
[Site "St Petersburg RUS"]
[Date "2011.08.14"]
[Round "3"]
[White "Yemelin, Vasily"]
[Black "Efanov, Nikolai"]
[Result "1/2-1/2"]
[WhiteTitle "GM"]
[BlackTitle "IM"]
[WhiteElo "2592"]
[BlackElo "2423"]
[WhiteFideId "4113217"]
[BlackFideId "4187997"]
[EventDate "2011.08.12"]

1. e4 c5 2. Nf3 d6 3. d4 cxd4 4. Nxd4 Nf6 5. f3 a6 6. c4 e6 7. Nc3 b6 8. Be2 Bb7
9. Be3 Nbd7 10. O-O Rc8 11. a4 Be7 12. a5 Qc7 13. axb6 Nxb6 14. Na4 Nfd7 15.
Nxb6 Nxb6 16. Nb3 Nxc4 17. Bxc4 Qxc4 18. Na5 Qb5 19. Nxb7 Qxb7 20. Qa4+ Qd7 21.
Qxd7+ Kxd7 22. Rxa6 Rc6 23. Ra7+ Rc7 24. Rxc7+ Kxc7 25. Ra1 Rb8 26. Bd4 g6 27.
Kf2 h5 28. Ke2 Rb7 29. Kd3 d5 30. exd5 exd5 31. Bc3 Bc5 32. Ra5 Kc6 33. Ra6+ Kd7
34. Rf6 Ke7 35. Rc6 Bg1 36. Be5 Rb5 37. h3 Kd7 38. Rf6 Ke7 39. Ra6 Kd7 40. Rd6+
Ke7 41. Ra6 Bf2 42. Bf6+ Kd7 43. Ra4 Kc6 44. Bc3 Rb3 45. Rf4 f5 46. Ra4 Rb8 47.
Ra6+ Rb6 48. Ra8 Kb5 49. Bd4 Bxd4 50. Kxd4 Kc6 51. Rg8 Rxb2 52. Rxg6+ Kd7 53.
Kxd5 Re2 54. Rg7+ Ke8 55. g3 Re3 56. f4 h4 57. g4 Rxh3 58. Ke6 Kf8 59. Rf7+ Kg8
60. Rxf5 Ra3 61. Rg5+ Kh7 62. f5 Ra6+ 63. Kf7 Ra7+ 64. Kf8 Ra8+ 65. Ke7 Ra7+ 66.
Kd8 Ra8+ 67. Ke7 Ra7+ 68. Kd8 Ra8+ 69. Kc7 Ra6 70. Rh5+ Rh6 71. f6 Rxh5 72. gxh5
h3 73. Kd7 h2 74. f7 h1=Q 1/2-1/2

[Event "Botvinnik 100th Open"]
[Site "St Petersburg RUS"]
[Date "2011.08.14"]
[Round "3"]
[White "Pankov, German"]
[Black "Epishin, Vladimir"]
[Result "0-1"]
[WhiteTitle "FM"]
[BlackTitle "GM"]
[WhiteElo "2387"]
[BlackElo "2553"]
[WhiteFideId "4174569"]
[BlackFideId "4162714"]
[EventDate "2011.08.12"]

1. d4 Nf6 2. c4 b6 3. Nf3 Bb7 4. Nc3 e6 5. a3 Ne4 6. Nxe4 Bxe4 7. g3 Be7 8. Bg2
O-O 9. O-O f5 10. Ne1 Bxg2 11. Nxg2 Bf6 12. Rb1 Qe8 13. d5 e5 14. e4 fxe4 15.
Qg4 d6 16. Qxe4 Nd7 17. b4 Qf7 18. Be3 Rae8 19. Rbc1 Bd8 20. f3 h6 21. Rce1 Qh5
22. Qg4 Qxg4 23. fxg4 a6 24. Nh4 Rxf1+ 25. Kxf1 b5 26. cxb5 axb5 27. Rd1 Nf6 28.
h3 Ne4 29. Nf5 g6 30. Nxh6+ Kg7 31. h4 Nxg3+ 32. Kg2 Bxh4 33. Kh3 g5 34. Nf5+
Nxf5 35. gxf5 Ra8 36. Rd3 e4 37. Bd4+ Kh6 38. Rc3 Kh5 39. Kg2 Rf8 40. f6 g4 41.
Rxc7 Bxf6 42. Bxf6 Rxf6 43. a4 bxa4 44. b5 Rf5 45. Ra7 Rxd5 46. b6 Rb5 47. b7
Kh4 0-1

[Event "Botvinnik 100th Open"]
[Site "St Petersburg RUS"]
[Date "2011.08.14"]
[Round "3"]
[White "Pridorozhni, Aleksei"]
[Black "Dzhumagaliev, Yan"]
[Result "1-0"]
[WhiteTitle "GM"]
[BlackTitle "FM"]
[WhiteElo "2550"]
[BlackElo "2375"]
[WhiteFideId "4127870"]
[BlackFideId "24100110"]
[EventDate "2011.08.12"]

1. c4 e6 2. Nc3 c5 3. Nf3 d6 4. d4 cxd4 5. Nxd4 a6 6. e4 Nf6 7. Be2 Nbd7 8. O-O
b6 9. Be3 Bb7 10. f3 Be7 11. a4 O-O 12. a5 bxa5 13. Nb3 Rb8 14. Nxa5 Ba8 15. Qd2
Re8 16. Bf2 Ne5 17. Ba7 Rc8 18. Bd4 Qc7 19. b4 d5 20. c5 dxe4 21. f4 Ng6 22.
Bxa6 Rcd8 23. Nb5 Qd7 24. Nc4 Qc6 25. Nbd6 e3 26. Bxe3 Ne4 27. Qe2 Bxd6 28. Nxd6
Nxd6 29. cxd6 Qxd6 30. Bb5 Rf8 31. Bc5 Qb8 32. Bxf8 Rxf8 33. Rxa8 Qxa8 34. Bd3
Qb8 35. Bxg6 hxg6 36. b5 Qb6+ 37. Kh1 Rb8 38. Rb1 Qc5 39. h3 Qf5 40. Rb4 Qc5 41.
Rb1 Qf5 42. Rb4 Qc5 43. Qe5 Qxb4 44. Qxb8+ Kh7 45. b6 e5 46. fxe5 Qf4 47. Qd6
Qf1+ 48. Kh2 Qf4+ 49. Kg1 1-0

[Event "Botvinnik 100th Open"]
[Site "St Petersburg RUS"]
[Date "2011.08.14"]
[Round "3"]
[White "Yakovich, Yuri"]
[Black "Mokshanov, Alexey"]
[Result "1-0"]
[WhiteTitle "GM"]
[BlackTitle "FM"]
[WhiteElo "2539"]
[BlackElo "2372"]
[WhiteFideId "4100654"]
[BlackFideId "24121657"]
[EventDate "2011.08.12"]

1. d4 d5 2. c4 e6 3. Nc3 Nf6 4. cxd5 exd5 5. Bg5 c6 6. Qc2 Be7 7. e3 O-O 8. Bd3
Nbd7 9. Nge2 Re8 10. O-O Nf8 11. f3 Ng6 12. Rad1 Be6 13. h3 Rc8 14. e4 dxe4 15.
fxe4 Nh5 16. Be3 Qd7 17. e5 Bxh3 18. Bf5 Bxf5 19. Qxf5 Qxf5 20. Rxf5 Nf6 21.
exf6 Bxf6 22. Bf2 Rcd8 23. Ng3 Bh4 24. Nge4 Bxf2+ 25. Kxf2 f6 26. Ra5 a6 27. Rf5
Re7 28. Nc5 Rf7 29. Rf3 Ne7 30. Rd2 Nc8 31. Re3 Nb6 32. b3 h6 33. Re4 Kh7 34.
Rde2 Kg6 35. Ke3 Nd5+ 36. Nxd5 Rxd5 37. Re8 a5 38. Ne6 Rb5 39. Rc2 Rd7 40. Nc5
Kf7 41. Nxd7 Kxe8 42. Nc5 b6 43. Na4 Kd7 44. g4 Kc7 45. Nc3 Rg5 46. d5 Re5+ 47.
Kf4 Kd7 48. Na4 1-0

[Event "Botvinnik 100th Open"]
[Site "St Petersburg RUS"]
[Date "2011.08.14"]
[Round "3"]
[White "Yevseev, Denis"]
[Black "Vlasenko, Miroslav"]
[Result "1/2-1/2"]
[WhiteTitle "GM"]
[BlackTitle "IM"]
[WhiteElo "2527"]
[BlackElo "2371"]
[WhiteFideId "4126378"]
[BlackFideId "4151887"]
[EventDate "2011.08.12"]

1. d4 Nc6 2. d5 Ne5 3. e4 e6 4. f4 Ng6 5. dxe6 dxe6 6. Qxd8+ Kxd8 7. Nf3 Bc5 8.
Nc3 Bd7 9. Bd3 Nh6 10. e5 f5 11. exf6 gxf6 12. Ne4 Be7 13. Bd2 Nf7 14. O-O-O f5
15. Neg5 Nxg5 16. Nxg5 Kc8 17. Bc4 Bxg5 18. fxg5 b5 19. Bd3 Nh4 20. g3 Nf3 21.
Bc3 Re8 22. g4 Nxg5 23. gxf5 exf5 24. Rhg1 h6 25. h4 Nf7 26. Rg7 Nd6 27. Ba5 a6
28. Rh7 f4 29. Rxh6 f3 30. Rh7 f2 31. Kd2 Rf8 32. Ke3 Bh3 33. Rxc7+ Kb8 34. Bf1
Bxf1 35. Rxf1 Nc4+ 36. Rxc4 bxc4 37. Rxf2 Kb7 38. Rxf8 Rxf8 39. Bc3 Rf1 40. Ke4
Kc6 41. Bg7 Rg1 42. Bf6 Rf1 43. Bg7 Rh1 44. Bf6 Rf1 45. Bg7 1/2-1/2

[Event "Botvinnik 100th Open"]
[Site "St Petersburg RUS"]
[Date "2011.08.14"]
[Round "3"]
[White "Kabanov, Nikolai"]
[Black "Tsydypov, Zhamsaran"]
[Result "1-0"]
[WhiteTitle "GM"]
[WhiteElo "2520"]
[BlackElo "2247"]
[WhiteFideId "4127820"]
[BlackFideId "4108566"]
[EventDate "2011.08.12"]

1. e4 d6 2. d4 Nf6 3. Bd3 e5 4. c3 Be7 5. Nf3 Nbd7 6. O-O O-O 7. Nbd2 c6 8. Re1
Re8 9. Nf1 Qc7 10. Ng3 Bf8 11. a4 g6 12. a5 Bg7 13. Bc2 Nf8 14. h3 Rb8 15. Be3
b6 16. axb6 axb6 17. Nd2 Ne6 18. dxe5 dxe5 19. Nc4 Rd8 20. Qf3 c5 21. Red1 Bb7
22. Ra7 Ne8 23. Ba4 Nf6 24. Bb3 Rxd1+ 25. Qxd1 Bf8 26. Qa1 b5 27. Na5 c4 28. Bc2
Bc5 29. Bxc5 Nxc5 30. Qa3 Nfd7 31. Nf1 Qb6 32. Nxb7 Rxb7 33. Ra8+ Kg7 34. Ne3
Nd3 35. Bxd3 cxd3 36. Qe7 d2 37. Ra1 Qc6 38. Rd1 Qxe4 39. Rxd2 Nf6 40. Qc5 Qf4
41. g3 Qe4 42. Rd8 Kh6 43. Qd6 Qf3 44. Qxe5 Ra7 45. Nf5+ Qxf5 46. Qe3+ 1-0

[Event "Botvinnik 100th Open"]
[Site "St Petersburg RUS"]
[Date "2011.08.14"]
[Round "3"]
[White "Lintchevski, Daniil"]
[Black "Alexikov, Alexander"]
[Result "0-1"]
[WhiteTitle "GM"]
[BlackTitle "IM"]
[WhiteElo "2553"]
[BlackElo "2353"]
[WhiteFideId "4171055"]
[BlackFideId "14103958"]
[EventDate "2011.08.12"]

1. e4 c5 2. d4 cxd4 3. Nf3 d6 4. Nxd4 Nf6 5. Nc3 a6 6. Be2 e5 7. Nb3 Be7 8. Bg5
Be6 9. Bxf6 Bxf6 10. Qd3 Nc6 11. O-O-O Nd4 12. Nxd4 exd4 13. Nd5 Bxd5 14. exd5
h5 15. Kb1 Kf8 16. Qf3 g6 17. Bd3 Kg7 18. g3 Qa5 19. h4 Rae8 20. Qg2 Bd8 21. Bc4
Qc5 22. Bb3 b5 23. g4 a5 24. a4 Qb4 25. Qg3 bxa4 26. Ba2 hxg4 27. Qxg4 d3 28.
Qxb4 dxc2+ 29. Kxc2 axb4 30. Bc4 Bxh4 31. Bb5 Rc8+ 32. Kd3 a3 0-1

[Event "Botvinnik 100th Open"]
[Site "St Petersburg RUS"]
[Date "2011.08.14"]
[Round "3"]
[White "Bazeev, German"]
[Black "Popov, Valerij"]
[Result "1-0"]
[BlackTitle "GM"]
[WhiteElo "2312"]
[BlackElo "2550"]
[WhiteFideId "24119350"]
[BlackFideId "4119410"]
[EventDate "2011.08.12"]

1. d4 Nf6 2. c4 e6 3. g3 d5 4. Nf3 dxc4 5. Bg2 a6 6. Ne5 Bb4+ 7. Nc3 Nd5 8. O-O
O-O 9. Qc2 b5 10. Be4 f5 11. Nxd5 exd5 12. Bg5 Qd6 13. Be7 Qxe7 14. Bxd5+ Kh8
15. Bxa8 Bd6 16. a4 Bxe5 17. dxe5 Qxe5 18. axb5 axb5 19. Bf3 Nd7 20. Rfd1 Nb6
21. Ra7 c5 22. Qd2 Na4 23. Qd8 Qf6 24. Qc7 Rg8 25. Rd6 Qe5 26. Bd5 c3 1-0

[Event "Botvinnik 100th Open"]
[Site "St Petersburg RUS"]
[Date "2011.08.14"]
[Round "3"]
[White "Krivonos, Nikolay"]
[Black "Iljin, Timofey"]
[Result "0-1"]
[BlackTitle "IM"]
[WhiteElo "2296"]
[BlackElo "2504"]
[WhiteFideId "4154568"]
[BlackFideId "14110180"]
[EventDate "2011.08.12"]

1. c4 e5 2. Nc3 Bb4 3. g3 Bxc3 4. bxc3 Nc6 5. Bg2 d6 6. d3 f5 7. Nf3 Nf6 8. O-O
O-O 9. Ne1 Qe8 10. Nc2 Qh5 11. Ne3 f4 12. Nd5 Nxd5 13. Bxd5+ Kh8 14. Rb1 Rf6 15.
Bf3 Bg4 16. Bxg4 Qxg4 17. f3 Qh3 18. g4 h5 19. gxh5 b6 20. Rf2 Qxh5 21. Bd2 Ne7
22. Rg2 Nf5 23. Qf1 g5 24. Qf2 Rg8 25. h3 Rh6 26. Rh2 Rg7 27. Qg2 Rgh7 28. Re1
Qf7 29. Kf2 Ng3 30. Rg1 Qd7 31. Ke1 Qa4 32. Qf2 Rxh3 33. Rhg2 Qxa2 34. Kd1 Nh1
35. Qe1 Qb1+ 36. Bc1 Qb3+ 37. Kd2 Ng3 38. Qd1 Qxd1+ 39. Kxd1 Rh1 40. Bd2 Rxg1+
41. Rxg1 Rh1 42. Rxh1+ Nxh1 43. Bc1 Kg7 44. Ke1 Kg6 45. Kf1 Ng3+ 46. Kf2 Nf5 47.
Ke1 Kh5 48. Bb2 Ne3 49. Kd2 g4 50. fxg4+ Kxg4 51. Ba3 Kg3 52. Bb2 Kf2 53. Ba3
Nf1+ 54. Kd1 Ng3 55. c5 bxc5 0-1

[Event "Botvinnik 100th Open"]
[Site "St Petersburg RUS"]
[Date "2011.08.14"]
[Round "3"]
[White "Vunder, Andrey"]
[Black "Onischuk, Vladimir"]
[Result "1/2-1/2"]
[BlackTitle "IM"]
[WhiteElo "2308"]
[BlackElo "2490"]
[WhiteFideId "4128338"]
[BlackFideId "14114038"]
[EventDate "2011.08.12"]

1. d4 Nf6 2. Nf3 g6 3. Bg5 Bg7 4. Nbd2 O-O 5. c3 d6 6. e4 h6 7. Bh4 Nbd7 8. Be2
e5 9. dxe5 dxe5 10. O-O Qe7 11. Re1 Re8 12. Qc2 Qf8 13. Nc4 Nh5 14. Rad1 Nf4 15.
Bf1 a5 16. Bg3 Qe7 17. a4 Nc5 18. Ncxe5 Bxe5 19. Nxe5 Qxe5 20. Rd5 Qxd5 21. exd5
Nh3+ 22. gxh3 Rxe1 23. Qd2 Rb1 24. Qxh6 Nd3 25. f3 Bf5 26. Bf2 Nxf2 27. Kxf2
Rxb2+ 28. Kg3 Re8 29. Bb5 Re1 30. h4 Rc2 31. d6 cxd6 32. Bc4 Be6 33. Bxe6 Rxe6
34. Qg5 Rxc3 35. Qxa5 Rb3 36. h5 gxh5 37. Qxh5 Rg6+ 38. Kf2 Ra3 39. Qh4 Ra2+ 40.
Ke3 Re6+ 41. Kd3 Ra3+ 42. Kd2 Rg6 43. Ke2 Rb3 44. Qf4 Rb2+ 45. Ke3 Ra2 46. h4
Rgg2 47. Qxd6 Rge2+ 48. Kf4 Rxa4+ 49. Kg3 Ra6 50. Qb8+ Kg7 51. Qxb7 Rg6+ 52. Kf4
Rh2 53. Qe7 Rh3 54. Qe5+ Kh7 55. Qe7 Kg8 56. Qe8+ Kg7 57. Qe5+ Rf6+ 58. Kg5 Rxf3
59. h5 Kh7 1/2-1/2

[Event "Botvinnik 100th Open"]
[Site "St Petersburg RUS"]
[Date "2011.08.14"]
[Round "3"]
[White "Baryshpolets, Andrey"]
[Black "Barhudarian, Rafael"]
[Result "1-0"]
[WhiteTitle "IM"]
[BlackTitle "FM"]
[WhiteElo "2474"]
[BlackElo "2325"]
[WhiteFideId "14117207"]
[BlackFideId "4182685"]
[EventDate "2011.08.12"]

1. d4 Nf6 2. c4 d6 3. Nf3 Nbd7 4. Nc3 e5 5. g3 g6 6. Bg2 Bg7 7. O-O O-O 8. e4
exd4 9. Nxd4 Nc5 10. h3 Re8 11. Re1 a5 12. Ndb5 Be6 13. e5 dxe5 14. Qxd8 Raxd8
15. Nxc7 Re7 16. N7d5 Bxd5 17. Nxd5 Nxd5 18. Bxd5 h6 19. Be3 Nd3 20. Re2 e4 21.
Bb6 Rc8 22. Rb1 a4 23. Rxe4 Rxe4 24. Bxe4 Nxb2 25. c5 Rb8 26. Ba7 Ra8 27. Bb6
Rb8 28. Bc7 Re8 29. Bf3 Nd3 30. Bd6 Bf8 31. Bxf8 Kxf8 32. Rxb7 Nxc5 33. Rc7 Re5
34. Kf1 Nd3 35. Be2 Rc5 36. Rxc5 Nxc5 37. Bc4 Ke7 38. Ke2 f5 39. Ke3 Kd6 40. f4
Ne4 41. g4 Nf6 42. g5 hxg5 43. fxg5 Nd5+ 44. Kd4 Nf4 45. h4 Ne6+ 46. Kc3 Ke5 47.
Kb4 f4 48. Kxa4 f3 49. Kb5 f2 50. a4 Nd4+ 51. Kb6 Nb3 52. Kc7 Nd2 53. Be2 Kf4
54. h5 Ke3 55. Bb5 Kd4 56. hxg6 Nc4 57. Bxc4 Kxc4 58. g7 f1=Q 59. g8=Q+ Kc5 60.
Qg6 Qf4+ 61. Kd8 Qxa4 62. Ke7 Qa7+ 63. Kf8 Qb8+ 64. Kg7 Qb7+ 65. Qf7 Qb2+ 66.
Kg8 Qg2 67. g6 Kd6 68. g7 Qg5 69. Kh7 Qh4+ 70. Kg6 Qg4+ 71. Kh6 Qh4+ 72. Qh5
Qf4+ 73. Kh7 Ke7 74. g8=Q Qe4+ 75. Qgg6 1-0

[Event "Botvinnik 100th Open"]
[Site "St Petersburg RUS"]
[Date "2011.08.14"]
[Round "3"]
[White "Toivonen, Alexander V."]
[Black "Levin, Evgeny A."]
[Result "0-1"]
[WhiteTitle "FM"]
[BlackTitle "GM"]
[WhiteElo "2292"]
[BlackElo "2465"]
[WhiteFideId "4107918"]
[BlackFideId "4182596"]
[EventDate "2011.08.12"]

1. d4 Nf6 2. c4 g6 3. Nc3 Bg7 4. Nf3 d6 5. g3 O-O 6. Bg2 Nc6 7. O-O Rb8 8. b3 a6
9. Bb2 b5 10. d5 Na5 11. cxb5 axb5 12. Nd4 b4 13. Ncb5 e5 14. dxe6 c5 15. exf7+
Rxf7 16. Nc6 Nxc6 17. Bxc6 Qb6 18. Bxf6 Qxc6 19. Bxg7 Bh3 20. f3 Qxb5 21. Bb2
Bxf1 22. Qxf1 Re8 23. Kf2 Rfe7 24. e4 Qxf1+ 25. Kxf1 Ra7 26. Ke2 d5 27. Kd3
dxe4+ 28. fxe4 Rd7+ 29. Ke3 Red8 30. Bf6 Rd3+ 31. Kf4 Rd1 32. Rxd1 Rxd1 33. Be7
Rc1 34. Ke5 Kf7 35. Bd6 Rc2 36. h4 Rxa2 37. Bxc5 Rb2 38. Bxb4 Rxb3 39. Be1 Re3
40. Bf2 Rf3 41. Be1 h5 42. Ba5 Rxg3 43. Bd8 Rb3 44. Kf4 Rb8 45. Bc7 Rb5 46. Be5
Ke6 47. Bd4 Rb4 48. Bc3 Rb3 49. Ba5 Rb1 50. Bd8 Rg1 51. Kf3 Rd1 52. Ba5 Rc1 53.
Kf4 Rf1+ 54. Ke3 Kd7 55. Bc3 Ke7 56. Bb4+ Kf7 57. Ba5 Ra1 58. Bd8 Ke6 59. Kf4
Ra2 60. Kg5 Rd2 61. Bc7 Rg2+ 62. Kh6 Rc2 63. Bf4 Kf7 64. e5 Re2 65. Kh7 Re4 66.
Bg3 Rg4 0-1

[Event "Botvinnik 100th Open"]
[Site "St Petersburg RUS"]
[Date "2011.08.14"]
[Round "3"]
[White "Rozum, Ivan"]
[Black "Martynov, Pavel2"]
[Result "1-0"]
[WhiteTitle "IM"]
[WhiteElo "2464"]
[BlackElo "2237"]
[WhiteFideId "24104272"]
[BlackFideId "4122186"]
[EventDate "2011.08.12"]

1. d4 Nf6 2. c4 g6 3. g3 Bg7 4. Bg2 d5 5. cxd5 Nxd5 6. e4 Nb6 7. Ne2 c5 8. d5
O-O 9. O-O e6 10. Nec3 Na6 11. Na3 exd5 12. exd5 Bf5 13. Be3 Qd7 14. Re1 Rac8
15. Qd2 Rfe8 16. Bh6 Bh8 17. Bf1 Nc7 18. Rxe8+ Nxe8 19. Re1 Nd6 20. Nab5 Nbc4
21. Qf4 Nxb5 22. Nxb5 Nxb2 23. Nd6 Nd3 24. Bxd3 Bxd3 25. Nxc8 Qxc8 26. Qc7 Qa8
27. d6 1-0